เปลี่ยนเป็นภาษาไทย

Change to English
 แสดงรายละเอียดบรรณานุกรม
  กลับหน้าหลัก

Brief Record : Get Marc (ISO 2709) : E-mail record : QR code < ปิดหน้าต่าง
mysqli: Table './ulib62015/stat_globaluid' is marked as crashed and should be repaired
select id from stat_globaluid where statuid='20260517125407_523' 
mysqli: Table './ulib62015/stat_globaluid' is marked as crashed and should be repaired
DELETE FROM stat_globaluid
			WHERE id NOT IN (
			  SELECT id
			  FROM (
				SELECT id
				FROM stat_globaluid
				ORDER BY id DESC
				LIMIT 100
			  ) foo
			); 
mysqli: Table './ulib62015/stat_globaluid' is marked as crashed and should be repaired
insert into stat_globaluid set
		statuid='20260517125407_523',
		dt='1778997247',
		phpself='/ULIB62015/dublinfull.php',
		agent='Mozilla/5.0 AppleWebKit/537.36 (KHTML, like Gecko; compatible; ClaudeBot/1.0; +claudebot@anthropic.com)',
		yea='2026',
		mon='5',
		dat='17',
		ip='216.73.216.45'
		
		
mysqli: Table './ulib62015/stathist_viewbib_bib_type' is marked as crashed and should be repaired
insert into stathist_viewbib_bib_type set 
		dat='17' ,
		 mon='05' ,
		  yea='2026' ,
			 statuid='20260517125407_523' ,
			 head='13399122721' ,
			 foot='marc' ,
			 dt='1778997247' 
		
LEADER : 00000nam 2200000uu 4500
001    13399122721
003     ULIB
008    200613s2020||||th 000 0 eng d
020    ^a9781496397522
060 04 ^aWN110^bG441p 2020
100 1  ^aGibbons, John P.
240 10 ^aPhysics of radiation therapy
245 10 ^aKhan's The Physics of Radiation Therapy /^cJohn P. Gibbons
250    ^aSixth edition
260    ^aPhiladelphia :^bWolters Kluwer,^cc2020
300    ^axi, 598 pages :^billustrations ;^c29 cm.
504    ^aIncludes bibliographical references and index
650  2 ^aHealth Physics
650  2 ^aRadiometry
650  2 ^aRadiotherapy
945    ^p6530^l0^i027901
945    ^p0^l0^i028776
999    ^a57066
รายการนี้ยังไม่มีแท็ก
คุณยังไม่ได้ล็อกอิน คุณสามารถมีกิจกรรมร่วมกับเว็บไซต์ได้ แต่ต้องล็อกอินก่อน ::
  ล็อกอิน
  One Stop Service : ศูนย์ให้บริการแบบเบ็ดเสร็จ   จัดการหนังสือโปรด   แจ้งรายการบรรณานุกรมผิดพลาด
ลำดับที่ ประเภท เลขเรียก/บาร์โค้ด สถานที่ สถานะ
1. หนังสือ
หนังสือ
WN110 G441p 2020 c.1 
  Barcode: 027901
หนังสือทั่วไป บนชั้น
  ขอยืม
Note:งบประมาณปี 2563
2. หนังสือ
หนังสือ
WN110 G441p 2020 c.2 
  Barcode: 028776
หนังสือทั่วไป บนชั้น
  ขอยืม
Note:งบประมาณปี 2564

รายการใกล้เคียง
    หัวเรื่อง [Health Physics]
    หัวเรื่อง [Radiotherapy]

BibComment


ยังไม่เคยถูกคอมเมนท์

คอมเมนท์ทรัพยากรรายการนี้
  คอมเมนท์: Khans The Physic..
Bib 13399122721

 
 
 

 Union Library Management : ULibM
Copyright 2026. All Rights Reserved.